| Tag |
First Indicator |
Second Indicator |
Subfields |
| LEADER |
00000cam a22000001 4500 |
| 001 |
in00000039885 |
| 005 |
20151007064619.0 |
| 008 |
740610s1967 iaua b 00000 eng |
| 010 |
|
|
|a 67020154
|
| 035 |
|
|
|a (OCoLC)00233822
|
| 035 |
|
|
|9 AAE0229AM
|
| 040 |
|
|
|a DLC
|c DLC
|d TXA
|d UtOrBLW
|
| 049 |
|
|
|a TXAM
|c 1 [474365]
|
| 050 |
0 |
0 |
|a HD9000.5
|b .A49
|
| 082 |
0 |
|
|a 338.1/9
|
| 092 |
|
|
|a 338.19
|b A466
|
| 245 |
0 |
0 |
|a Alternatives for balancing world food production and needs.
|
| 250 |
|
|
|a [1st ed.].
|
| 264 |
|
1 |
|a Ames :
|b Iowa State University Press,
|c [1967]
|
| 300 |
|
|
|a viii, 273 pages :
|b illustrations ;
|c 23 cm.
|
| 336 |
|
|
|a text
|b txt
|2 rdacontent
|
| 337 |
|
|
|a unmediated
|b n
|2 rdamedia
|
| 338 |
|
|
|a volume
|b nc
|2 rdacarrier
|
| 500 |
|
|
|a Report of a conference sponsored by the Iowa State University Center for Agricultural and Economic Development.
|
| 504 |
|
|
|a Includes bibliographical references.
|
| 650 |
|
0 |
|a Food supply.
|
| 710 |
2 |
|
|a Iowa State University.
|b Center for Agricultural and Economic Development.
|
| 999 |
|
|
|a MARS
|
| 999 |
f |
f |
|s 9fba8b34-c1a9-3c57-9c7a-0b887c9fedb4
|i 87894048-9eee-318a-83d9-e25b62a6ea40
|t 0
|
| 952 |
f |
f |
|p ric
|a Texas A&M University
|b Rellis Campus
|c Joint Library Facility
|d Remote Storage
|t 0
|e HD9000.5 .A49
|h Library of Congress classification
|i unmediated -- volume
|m A14800761687
|
| 998 |
f |
f |
|a HD9000.5 .A49
|t 0
|l Remote Storage
|